College Football Helmets #3 - Statistics

General Stats
  • This quiz has been taken 120 times
  • The average score is 19 of 20
Answer Stats
Picture Hint Answer % Correct
Kansas
98%
Florida
97%
Iowa State
97%
Minnesota
97%
Virginia
97%
Wake Forest
97%
Mississippi State
96%
Virginia Tech
96%
Type full name Central Florida
94%
Michigan
94%
Missouri
94%
Arizona State
93%
Type full name Louisiana State
93%
Nebraska
93%
Type full name Texas Christian
93%
USC
93%
Alabama
91%
Penn State
91%
Florida State
90%
Boston College
82%
No matching quizzes found
Score Distribution
Percent of People with Each Score
Percentile by Number Answered
Your Score History
You have not taken this quiz